书目信息 |
| 题名: |
公共行政学基础
|
|
| 作者: | 徐家良 主编 | |
| 分册: | ||
| 出版信息: | 杭州 杭州大学出版社 1997.08 |
|
| 页数: | 365页 | |
| 开本: | 32开 | |
| 丛书名: | ||
| 单 册: | ||
| 中图分类: | C93 | |
| 科图分类: | ||
| 主题词: | 管理学 | |
| 电子资源: | ||
| ISBN: | 7-81035-218-0 | |
| 000 | 00547nam0 2200193 45 | |
| 001 | 0010022353 | |
| 005 | 20001002230446.9 | |
| 010 | @a7-81035-218-0@d15.00元 | |
| 100 | @a20001002d1997 km y0chiy0120 ea | |
| 101 | 0 | @achi |
| 105 | @a z 000yy | |
| 200 | 1 | @a公共行政学基础@AGong Gong Xing Zheng Xue Ji Chu@f徐家良主编@FXu Jia Liang Zhu Bian |
| 210 | @a杭州@c杭州大学出版社@d1997.08 | |
| 215 | @a365页@d32开 | |
| 606 | 0 | @a管理学 |
| 690 | @aC93@v3 | |
| 701 | 0 | @a徐家良@4主编 |
| 801 | @aCN@bPftUser@c20001002 | |
| 905 | @b168650-654@dC93@eX451@f5 | |
| 公共行政学基础/徐家良主编.-杭州:杭州大学出版社,1997.08 |
| 365页;32开 |
| ISBN 7-81035-218-0:15.00元 |
| ● |
| 相关链接 |
|
|
|
正题名:公共行政学基础
索取号:C93/X451
 
预约/预借
| 序号 | 登录号 | 条形码 | 馆藏地/架位号 | 状态 | 备注 |
| 1 | 168650 | 201686504 | 社科库509/509社科库 63排8列5层/ [索取号:C93/X451] | 在馆 | |
| 2 | 168651 | 201686513 | 社科库509/509社科库 63排8列5层/ [索取号:C93/X451] | 在馆 | |
| 3 | 168652 | 201686522 | 社科库509/422社科库 34排3列5层/ [索取号:C93/X451] | 在馆 | |
| 4 | 168653 | 201686531 | 社科库509/422社科库 34排3列5层/ [索取号:C93/X451] | 在馆 | |
| 5 | 168654 | 201686540 | 社科库509/509社科库 63排8列5层/ [索取号:C93/X451] | 在馆 |